[Event "BL 1920 USV TU Dresden - SC Viernheim"]
[Site "?"]
[Date "2020.02.23"]
[Round "8.2"]
[White "Gajewski, Grzegorz"]
[Black "Korobov, Anton"]
[Result "1/2-1/2"]
[WhiteElo "2614"]
[BlackElo "2685"]
[PlyCount "76"]
[EventDate "2020.??.??"]

1. c4 e6 2. Nc3 d5 3. d4 Nf6 4. cxd5 exd5 5. Bg5 c6 6. Qc2 Be7 7. e3 O-O 8. Bd3
Nbd7 9. Nge2 Re8 10. O-O Nf8 11. Rae1 g6 12. f3 Ne6 13. Bh4 b5 14. Kh1 Bb7 15.
Rd1 Rc8 16. Qb1 b4 17. Na4 Nd7 18. Bf2 Qa5 19. b3 c5 20. dxc5 Ndxc5 21. Nxc5
Bxc5 22. Qb2 Bf8 23. Qd2 Bg7 24. Rc1 Ba6 25. Bxa6 Qxa6 26. Rfe1 h5 27. Kg1 Qb5
28. Rxc8 Rxc8 29. Rc1 Rd8 30. Rd1 a5 31. Qd3 Qb7 32. Rc1 Ra8 33. Qc2 Rd8 34.
Qc6 Qxc6 35. Rxc6 d4 36. exd4 Nxd4 37. Nxd4 Bxd4 38. Bxd4 Rxd4 1/2-1/2

[Event "BL 1920 USV TU Dresden - SC Viernheim"]
[Site "?"]
[Date "2020.02.23"]
[Round "8.4"]
[White "Boensch, Uwe"]
[Black "Kovalenko, Igor"]
[Result "1/2-1/2"]
[WhiteElo "2508"]
[BlackElo "2641"]
[PlyCount "92"]
[EventDate "2020.??.??"]

1. d4 Nf6 2. c4 e6 3. Nf3 b6 4. Nc3 Bb7 5. a3 d5 6. Bg5 Be7 7. Qa4+ c6 8. cxd5
exd5 9. e3 Nbd7 10. Be2 O-O 11. O-O h6 12. Bh4 Re8 13. Rac1 Bd6 14. Bg3 Bxg3
15. hxg3 Re6 16. Rfe1 g6 17. b4 Qe7 18. Bf1 a6 19. Qb3 Ng4 20. Ne2 g5 21. Nc3
Rf8 22. Bd3 f5 23. e4 fxe4 24. Nxe4 b5 25. Ned2 Nb6 26. Rxe6 Qxe6 27. Re1 Qf7
28. Bb1 Bc8 29. Qc2 Nc4 30. Nxc4 bxc4 31. Ne5 Re8 32. f4 gxf4 33. gxf4 Re7 34.
g3 Qh5 35. Qg6+ Qxg6 36. Bxg6 Kg7 37. Bc2 Bd7 38. Kf1 Nf6 39. Kf2 h5 40. Kf3
Be8 41. f5 Ra7 42. Kf4 a5 43. bxa5 Rxa5 44. Ng6 Bxg6 45. fxg6 Ne4 46. Bxe4 dxe4
1/2-1/2

[Event "BL 1920 USV TU Dresden - SC Viernheim"]
[Site "?"]
[Date "2020.02.23"]
[Round "8.5"]
[White "Fedorchuk, Sergey A"]
[Black "Maiwald, Jens-Uwe"]
[Result "1/2-1/2"]
[WhiteElo "2622"]
[BlackElo "2430"]
[PlyCount "42"]
[EventDate "2020.??.??"]

1. e4 c5 2. Nf3 e6 3. d4 cxd4 4. Nxd4 a6 5. c4 Nf6 6. Nc3 Bb4 7. Qd3 O-O 8. e5
Ne8 9. Be2 Qc7 10. Bf4 f6 11. Qe3 fxe5 12. Bxe5 Bxc3+ 13. bxc3 d6 14. Bg3 e5
15. Nb3 Be6 16. c5 Nd7 17. cxd6 Nxd6 18. O-O Nf5 19. Qe4 Nxg3 20. hxg3 Nf6 21.
Qc2 Rac8 1/2-1/2

[Event "BL 1920 USV TU Dresden - SC Viernheim"]
[Site "?"]
[Date "2020.02.23"]
[Round "8.6"]
[White "Moehn, Hans"]
[Black "Maze, Sebastien"]
[Result "0-1"]
[WhiteElo "2357"]
[BlackElo "2550"]
[PlyCount "50"]
[EventDate "2020.??.??"]

1. Nf3 Nf6 2. g3 g6 3. b3 Bg7 4. Bb2 d6 5. d4 a5 6. a4 O-O 7. Bg2 e5 8. dxe5
Nfd7 9. Na3 dxe5 10. e4 Qe7 11. O-O Nc5 12. Nc4 Nc6 13. Qe1 b6 14. Qe3 Ba6 15.
Nfd2 Rfd8 16. Rac1 Qe6 17. Ra1 Nd4 18. Rfc1 h5 19. Bf1 Kh7 20. Qe1 Bh6 21. Ne3
Bxf1 22. Qxf1 Rd7 23. Kg2 Rad8 24. Qc4 Bxe3 25. fxe3 Nxc2 0-1

[Event "BL 1920 USV TU Dresden - SC Viernheim"]
[Site "?"]
[Date "2020.02.23"]
[Round "8.7"]
[White "Abergel, Thal"]
[Black "Urban, Konstantin"]
[Result "1-0"]
[WhiteElo "2473"]
[BlackElo "2315"]
[PlyCount "39"]
[EventDate "2020.??.??"]

1. d4 Nf6 2. Nf3 g6 3. Nc3 d5 4. Bf4 Bg7 5. e3 O-O 6. Be2 b6 7. Ne5 Bb7 8. h4
c5 9. h5 Nc6 10. hxg6 fxg6 11. Bg4 Bc8 12. Nxc6 Bxg4 13. Nxd8 Bxd1 14. Ne6 Bxc2
15. Nxf8 Rxf8 16. Be5 Ng4 17. Bxg7 Kxg7 18. O-O c4 19. Nxd5 Bd3 20. Nf4 1-0

[Event "BL 1920 USV TU Dresden - SC Viernheim"]
[Site "?"]
[Date "2020.02.23"]
[Round "8.8"]
[White "Richter, Philipp"]
[Black "Beikert, Guenther"]
[Result "0-1"]
[WhiteElo "2109"]
[BlackElo "2385"]
[PlyCount "60"]
[EventDate "2020.??.??"]

1. d4 d5 2. c4 dxc4 3. e4 Nf6 4. e5 Nd5 5. Bxc4 Nb6 6. Bd3 Nc6 7. Ne2 Bg4 8.
Be3 Qd7 9. Nbc3 O-O-O 10. O-O Nxe5 11. Bb5 Nc6 12. Ne4 e5 13. f3 Be6 14. Rc1
Bd5 15. Nc5 Qe8 16. Re1 f6 17. Nc3 Bc4 18. Qc2 Bxb5 19. Nxb5 Kb8 20. dxe5 fxe5
21. Qe4 Nd5 22. Bf2 a6 23. Red1 Bxc5 24. Rxc5 Nf6 25. Rxd8+ Qxd8 26. Qa4 axb5
27. Rxb5 Qd2 28. g3 e4 29. Qa6 Qd1+ 30. Kg2 exf3+ 0-1

[Event "BL 1920 SF Berlin - Aachener SV"]
[Site "?"]
[Date "2020.02.23"]
[Round "8.1"]
[White "Seel, Christian"]
[Black "Schroeder, Jan-Christian"]
[Result "0-1"]
[WhiteElo "2478"]
[BlackElo "2563"]
[PlyCount "78"]
[EventDate "2020.??.??"]

1. Nf3 Nf6 2. c4 e6 3. Nc3 Bb4 4. g3 O-O 5. Bg2 d5 6. cxd5 exd5 7. O-O c6 8. a3
Be7 9. d4 Bf5 10. Bf4 Nbd7 11. Ne5 Re8 12. b4 a6 13. Qb3 Nb6 14. a4 h6 15. Rfc1
Be6 16. b5 axb5 17. axb5 Rxa1 18. Rxa1 c5 19. Nf3 Nc4 20. Rd1 g5 21. Bc1 Qa5
22. dxc5 Bxc5 23. Nd4 Bxd4 24. Rxd4 Rc8 25. Bf1 Qa1 26. Rd1 d4 27. Bxg5 Qxc3
28. Qxc3 dxc3 29. Bxf6 c2 30. Re1 Na5 31. Bb2 Nb3 32. Bg2 b6 33. Bc6 Rd8 34. f3
Rd1 35. Kf2 Bc4 36. e4 Nc5 37. Re3 Nd3+ 38. Rxd3 Bxd3 39. Ke3 Bc4 0-1

[Event "BL 1920 SF Berlin - Aachener SV"]
[Site "?"]
[Date "2020.02.23"]
[Round "8.2"]
[White "Moranda, Wojciech"]
[Black "Koch, Thomas"]
[Result "1-0"]
[WhiteElo "2601"]
[BlackElo "2475"]
[PlyCount "137"]
[EventDate "2020.??.??"]

1. d4 Nf6 2. c4 e6 3. Nc3 Bb4 4. e3 O-O 5. Nge2 d5 6. a3 Be7 7. cxd5 exd5 8. g3
Nbd7 9. Bg2 Nb6 10. O-O Re8 11. b3 c6 12. f3 c5 13. dxc5 Bxc5 14. Nd4 Bd7 15.
Ra2 Rc8 16. Nce2 h5 17. Nf4 Qe7 18. Re1 Na8 19. Nd3 Bb6 20. Bd2 Qd8 21. a4 a6
22. Rc2 Rxc2 23. Qxc2 Nc7 24. Nc5 Bc8 25. a5 Ba7 26. Rc1 Bb8 27. b4 Ne6 28.
Ncxe6 fxe6 29. Bh3 Bd7 30. Qg6 Qe7 31. Nb3 Qf7 32. Qxf7+ Kxf7 33. Nc5 Bc8 34.
Bc3 Bd6 35. Nd3 e5 36. Bxe5 Bxh3 37. Bxd6 Rxe3 38. Rc7+ Kg8 39. Nf4 Bf5 40. Kf2
Rb3 41. Be5 g5 42. Ne2 Nd7 43. Bc3 Ra3 44. Rxb7 Kf7 45. Rc7 Ra2 46. Ke3 Ke8 47.
h4 g4 48. fxg4 Bxg4 49. Nf4 Kd8 50. Rc6 Ra3 51. Kd4 Nb8 52. Rb6 Kc8 53. Nxd5
Be2 54. Rh6 Bf3 55. Rh8+ Kb7 56. Rh7+ Kc8 57. Nb6+ Kd8 58. Bd2 Nc6+ 59. Kc5 Rd3
60. Bg5+ Ke8 61. Bf6 Rd1 62. Nc8 Rd5+ 63. Kc4 Rd1 64. Kc3 Nxa5 65. Re7+ Kf8 66.
Nb6 Nc6 67. Nd7+ Kg8 68. Rg7+ Kh8 69. Rg6+ 1-0

[Event "BL 1920 SF Berlin - Aachener SV"]
[Site "?"]
[Date "2020.02.23"]
[Round "8.3"]
[White "Vandenbussche, Thibaut"]
[Black "Kraemer, Martin"]
[Result "1/2-1/2"]
[WhiteElo "2432"]
[BlackElo "2580"]
[PlyCount "80"]
[EventDate "2020.??.??"]

1. e4 c5 2. Nf3 d6 3. Bb5+ Nd7 4. Ba4 Ngf6 5. O-O e6 6. d3 a6 7. c4 Be7 8. Nc3
O-O 9. h3 Qc7 10. Qe2 b6 11. a3 Bb7 12. Bd2 Rad8 13. b4 Ne5 14. Rfc1 Nfd7 15.
Rab1 Nxf3+ 16. Qxf3 Ne5 17. Qg3 f5 18. Bd1 Ng6 19. bxc5 bxc5 20. exf5 Rxf5 21.
Be3 Bh4 22. Qg4 Rdf8 23. Ne4 Bxe4 24. Qxe4 Bxf2+ 25. Bxf2 Rxf2 26. Bg4 e5 27.
Rb7 Qd8 28. Rcb1 Qg5 29. Rb8 R2f6 30. R1b6 h5 31. Rxf8+ Nxf8 32. Bf3 Kh8 33.
Qa8 Kh7 34. Be4+ Kh6 35. Qxa6 Qe3+ 36. Kh2 Qf4+ 37. Kh1 Qc1+ 38. Kh2 Qf4+ 39.
Kh1 Qc1+ 40. Kh2 Qf4+ 1/2-1/2

[Event "BL 1920 SF Berlin - Aachener SV"]
[Site "?"]
[Date "2020.02.23"]
[Round "8.4"]
[White "Gumularz, Szymon"]
[Black "Klein, Felix"]
[Result "1-0"]
[WhiteElo "2508"]
[BlackElo "2304"]
[PlyCount "113"]
[EventDate "2020.??.??"]

1. d4 Nf6 2. c4 e6 3. Nf3 d5 4. Nc3 Bb4 5. cxd5 exd5 6. Bf4 c6 7. e3 Bf5 8. Be2
h6 9. O-O O-O 10. Qb3 Qe7 11. a3 Ba5 12. Rac1 Bb6 13. a4 Bd8 14. Bd6 Qxd6 15.
Qxb7 Bb6 16. Qxa8 Na6 17. Qb7 Nb4 18. Ne5 Bc8 19. Nxf7 Qe6 20. Nxh6+ gxh6 21.
Qb8 Ne4 22. Nxe4 Qxe4 23. Qd6 a5 24. Qxh6 Bc7 25. Qg5+ Kh7 26. Bf3 Qe6 27. e4
Bf4 28. Qh4+ Qh6 29. Qxh6+ Kxh6 30. Rc5 Ba6 31. Rd1 Bc4 32. exd5 cxd5 33. Rxa5
Re8 34. g3 Bd2 35. b3 Bd3 36. Bxd5 Be1 37. Ra8 Re2 38. Bf3 Bxf2+ 39. Kh1 Rb2
40. Rb8 Rxb3 41. Rxb4 Rxb4 42. Rxd3 Bxd4 43. a5 Bc5 44. a6 Ra4 45. Rd5 Ra1+ 46.
Kg2 Ra2+ 47. Kf1 Ra1+ 48. Ke2 Bf8 49. Rd8 Bc5 50. Rc8 Bg1 51. Rc6+ Kg7 52. h4
Ra2+ 53. Kf1 Bf2 54. Bd5 Rd2 55. h5 Bxg3 56. a7 Rf2+ 57. Kg1 1-0

[Event "BL 1920 SF Berlin - Aachener SV"]
[Site "?"]
[Date "2020.02.23"]
[Round "8.5"]
[White "Lemmers, Oscar"]
[Black "Baldauf, Marco"]
[Result "0-1"]
[WhiteElo "2352"]
[BlackElo "2502"]
[PlyCount "114"]
[EventDate "2020.??.??"]

1. e4 c5 2. c3 Nf6 3. e5 Nd5 4. d4 cxd4 5. Nf3 Nc6 6. Bc4 Nb6 7. Bb3 d5 8. exd6
Qxd6 9. O-O Be6 10. Nxd4 Nxd4 11. cxd4 Bxb3 12. Qxb3 e6 13. Nc3 Be7 14. d5 Nxd5
15. Rd1 O-O 16. Nxd5 exd5 17. Rxd5 Qe6 18. Be3 b6 19. Rad1 Bf6 20. R5d3 Qxb3
21. Rxb3 Rfc8 22. Kf1 Kf8 23. Ke2 Ke7 24. Rd2 Rd8 25. Rb4 Rxd2+ 26. Kxd2 Rd8+
27. Kc2 Ke6 28. Rc4 Be5 29. h3 Kd5 30. b3 h5 31. g4 hxg4 32. hxg4 f6 33. a4 Rd7
34. f4 Bd6 35. Rd4+ Kc6 36. Kd3 a6 37. f5 b5 38. axb5+ axb5 39. b4 Bxb4 40.
Rxd7 Kxd7 41. g5 fxg5 42. Bxg5 Be7 43. Bd2 Kc6 44. Bc3 Bf6 45. Bb4 Kd5 46. Bf8
Ba1 47. Be7 Ke5 48. Kc2 Kxf5 49. Kb3 Bf6 50. Bf8 g5 51. Kb4 g4 52. Kxb5 g3 53.
Kc4 Bd4 54. Bd6 g2 55. Bh2 Bb6 56. Kd3 Kg4 57. Ke2 Kh3 0-1

[Event "BL 1920 SF Berlin - Aachener SV"]
[Site "?"]
[Date "2020.02.23"]
[Round "8.6"]
[White "Sprenger, Jan Michael"]
[Black "Sonntag, Hans-Hubert"]
[Result "1-0"]
[WhiteElo "2482"]
[BlackElo "2333"]
[PlyCount "69"]
[EventDate "2020.??.??"]

1. e4 e5 2. Nf3 Nc6 3. Bb5 a6 4. Ba4 Nf6 5. O-O Be7 6. Re1 b5 7. Bb3 d6 8. c3
O-O 9. h3 Na5 10. Bc2 c5 11. d4 Qc7 12. Nbd2 cxd4 13. cxd4 Nc6 14. a3 Bd7 15.
d5 Na7 16. Nf1 Nc8 17. Bd3 Nb6 18. b3 Rfe8 19. Ne3 h6 20. Bd2 Qb7 21. Kh2 Nh7
22. g4 Ng5 23. Nf5 Bxf5 24. gxf5 Nxf3+ 25. Qxf3 Bg5 26. Bxg5 hxg5 27. h4 g4 28.
Qxg4 Kf8 29. Rg1 f6 30. a4 Re7 31. Qh5 Kg8 32. axb5 a5 33. Rgc1 Nd7 34. Rc6 Nc5
35. Rxc5 1-0

[Event "BL 1920 SF Berlin - Aachener SV"]
[Site "?"]
[Date "2020.02.23"]
[Round "8.7"]
[White "Ahn, Martin"]
[Black "Blohberger, Felix"]
[Result "0-1"]
[WhiteElo "2164"]
[BlackElo "2448"]
[PlyCount "108"]
[EventDate "2020.??.??"]

1. e4 c6 2. Nf3 d5 3. exd5 cxd5 4. Ne5 Nf6 5. d4 Nc6 6. f4 g6 7. c3 Bg7 8. Bd3
O-O 9. O-O Ne4 10. Qf3 f5 11. Kh1 e6 12. Nd2 Bd7 13. Qh3 Nxe5 14. fxe5 Qb6 15.
Nf3 Bb5 16. Bxb5 Qxb5 17. Bh6 Qxb2 18. Qh4 Bxh6 19. Qxh6 Rf7 20. Rac1 Rc8 21.
Ng5 Nxg5 22. Qxg5 Qxa2 23. h4 Qa3 24. Rf3 Qe7 25. Qf4 Kg7 26. Rg3 h6 27. Rf1
Kh7 28. Rh3 Kg7 29. Kg1 Rg8 30. Rff3 Kh7 31. Rfg3 Rfg7 32. Rg5 Ra8 33. Rgg3 a5
34. Rh1 a4 35. Kf2 a3 36. Ke2 a2 37. Ra1 Qa3 38. Qd2 Qb3 39. Rh3 Rc7 40. Kf2
Qb1 41. Rh1 Qb3 42. Rhc1 b5 43. g3 Ra3 44. Rc2 b4 45. Rcxa2 Rxa2 46. Qxa2 Qxa2+
47. Rxa2 bxc3 48. Rc2 h5 49. Ke2 g5 50. hxg5 Kg6 51. Kd1 Rc4 52. Kc1 Rxd4 53.
Rxc3 Rc4 54. Rxc4 dxc4 0-1

[Event "BL 1920 SF Berlin - Aachener SV"]
[Site "?"]
[Date "2020.02.23"]
[Round "8.8"]
[White "Perske, Thore"]
[Black "Petzold, Klaus"]
[Result "1-0"]
[WhiteElo "2443"]
[BlackElo "2172"]
[PlyCount "49"]
[EventDate "2020.??.??"]

1. e4 c6 2. d4 d5 3. e5 Bf5 4. Nf3 e6 5. Be2 Ne7 6. O-O c5 7. Na3 Nd7 8. c4
cxd4 9. Nb5 Nc6 10. cxd5 exd5 11. Nfxd4 Bg6 12. e6 Nc5 13. Bf4 Nxe6 14. Nxe6
fxe6 15. Nc7+ Kf7 16. Bg4 e5 17. Be6+ Kf6 18. Qg4 exf4 19. Nxd5+ Ke5 20. Rfe1+
Kd6 21. Qxf4+ Kc5 22. b4+ Kb5 23. a4+ Ka6 24. Qc4+ b5 25. Qxb5# 1-0

[Event "BL 1920 SG Turm Kiel - SV Mülheim Nord"]
[Site "?"]
[Date "2020.02.23"]
[Round "8.1"]
[White "Nguyen, Thai Dai Van"]
[Black "Demchenko, Anton"]
[Result "1/2-1/2"]
[WhiteElo "2560"]
[BlackElo "2642"]
[PlyCount "50"]
[EventDate "2020.??.??"]

1. d4 Nf6 2. c4 g6 3. Nc3 Bg7 4. e4 O-O 5. Nf3 d6 6. Be2 e5 7. O-O Na6 8. Be3
Ng4 9. Bg5 f6 10. Bc1 Kh8 11. Rb1 c6 12. b4 Nc7 13. b5 c5 14. dxc5 dxc5 15.
Qxd8 Rxd8 16. Nd5 Ne8 17. h3 Nh6 18. Be3 b6 19. a4 Be6 20. Nd2 Nf7 21. f3 Bh6
22. Bxh6 Nxh6 23. Ra1 Nf7 24. Nb1 Bxd5 25. cxd5 Nfd6 1/2-1/2

[Event "BL 1920 SG Turm Kiel - SV Mülheim Nord"]
[Site "?"]
[Date "2020.02.23"]
[Round "8.2"]
[White "Khenkin, Igor"]
[Black "Landa, Konstantin"]
[Result "1/2-1/2"]
[WhiteElo "2553"]
[BlackElo "2625"]
[PlyCount "51"]
[EventDate "2020.??.??"]

1. d4 Nf6 2. c4 e6 3. Nf3 d5 4. Nc3 dxc4 5. e4 Bb4 6. Bg5 c5 7. Bxc4 cxd4 8.
Nxd4 Bxc3+ 9. bxc3 Qa5 10. Bb5+ Bd7 11. Bxf6 gxf6 12. Bxd7+ Nxd7 13. O-O Qxc3
14. Rb1 Rd8 15. Nb5 Qc6 16. Nd6+ Kf8 17. Nxb7 Rb8 18. Na5 Qxe4 19. Qd6+ Kg7 20.
Rxb8 Nxb8 21. Qg3+ Qg6 22. Qc7 Na6 23. Qc4 Nb8 24. Qc7 Na6 25. Qd6 Nb8 26. Qc7
1/2-1/2

[Event "BL 1920 SG Turm Kiel - SV Mülheim Nord"]
[Site "?"]
[Date "2020.02.23"]
[Round "8.3"]
[White "Fridman, Daniel"]
[Black "Dziuba, Marcin"]
[Result "1/2-1/2"]
[WhiteElo "2625"]
[BlackElo "2588"]
[PlyCount "41"]
[EventDate "2020.??.??"]

1. d4 d5 2. c4 dxc4 3. e4 Nf6 4. e5 Nd5 5. Bxc4 Nb6 6. Bb3 Nc6 7. Ne2 Bf5 8.
Nbc3 e6 9. Be3 Qd7 10. O-O O-O-O 11. Qc1 Kb8 12. Rd1 Qe8 13. Na4 Nd5 14. Nac3
Nb6 15. Nf4 f6 16. exf6 gxf6 17. d5 exd5 18. Ncxd5 Nxd5 19. Bxd5 Bd6 20. Qc3
Be4 21. Qc4 1/2-1/2

[Event "BL 1920 SG Turm Kiel - SV Mülheim Nord"]
[Site "?"]
[Date "2020.02.23"]
[Round "8.4"]
[White "Bjerre, Jonas Buhl"]
[Black "Tregubov, Pavel V"]
[Result "1-0"]
[WhiteElo "2530"]
[BlackElo "2589"]
[PlyCount "65"]
[EventDate "2020.??.??"]

1. d4 Nf6 2. c4 e6 3. Nf3 c5 4. d5 b5 5. dxe6 fxe6 6. cxb5 a6 7. e3 Be7 8. Nc3
d5 9. bxa6 O-O 10. Be2 Bxa6 11. O-O Nc6 12. Bxa6 Rxa6 13. Qe2 c4 14. b3 Na5 15.
Bb2 Rb6 16. Na4 Rb7 17. Bd4 Ne4 18. Ne5 Qc7 19. Qg4 Rf6 20. bxc4 Bd6 21. f4
Nxc4 22. Nxc4 Rg6 23. Qe2 Qxc4 24. Qxc4 dxc4 25. Rfc1 Rb4 26. Nc3 Nxc3 27. Bxc3
Ra4 28. Rc2 e5 29. fxe5 Bf8 30. Rb1 Rga6 31. Rb8 Ra8 32. Rcb2 R4a6 33. e6 1-0

[Event "BL 1920 SG Turm Kiel - SV Mülheim Nord"]
[Site "?"]
[Date "2020.02.23"]
[Round "8.5"]
[White "Buckels, Valentin"]
[Black "Hector, Jonny"]
[Result "1/2-1/2"]
[WhiteElo "2462"]
[BlackElo "2483"]
[PlyCount "77"]
[EventDate "2020.??.??"]

1. d4 d5 2. Bf4 Nf6 3. e3 c5 4. c3 Nc6 5. Nd2 cxd4 6. exd4 Bf5 7. Ngf3 e6 8.
Qb3 Bd6 9. Qxb7 Bxf4 10. Qxc6+ Kf8 11. Ne5 g6 12. Qb7 Bxe5 13. dxe5 Ng4 14. Nf3
Kg7 15. h3 Nh6 16. Nd4 Rb8 17. Qxa7 Rxb2 18. g4 Qc8 19. Qa3 Qb8 20. gxf5 Qxe5+
21. Be2 Rhb8 22. O-O Nxf5 23. Nxf5+ Qxf5 24. Qd6 Rc8 25. Bg4 Qf6 26. Rab1 Rxb1
27. Rxb1 h5 28. Be2 Rxc3 29. Rb8 Rc1+ 30. Bf1 Qg5+ 31. Qg3 Qxg3+ 32. fxg3 d4
33. a4 Ra1 34. Rb4 e5 35. Kf2 Ra2+ 36. Ke1 Ra1+ 37. Kf2 Ra2+ 38. Ke1 Ra1+ 39.
Kf2 1/2-1/2

[Event "BL 1920 SG Turm Kiel - SV Mülheim Nord"]
[Site "?"]
[Date "2020.02.23"]
[Round "8.6"]
[White "Junge, Ralph"]
[Black "Warmerdam, Max"]
[Result "0-1"]
[WhiteElo "2259"]
[BlackElo "2497"]
[PlyCount "60"]
[EventDate "2020.??.??"]

1. d4 Nf6 2. c4 g6 3. Nc3 Bg7 4. e4 d6 5. f3 O-O 6. Bg5 c5 7. d5 h6 8. Be3 e6
9. Qd2 exd5 10. cxd5 Re8 11. Nge2 Nbd7 12. Ng3 h5 13. Be2 h4 14. Nf1 b5 15.
Nxb5 Ne5 16. Rc1 h3 17. Kf2 Neg4+ 18. Kg1 hxg2 19. Kxg2 Nxe3+ 20. Nxe3 Bh6 21.
Rc3 a6 22. Na3 Rxe4 23. fxe4 Nxe4 24. Qc1 Qh4 25. Rf1 Qh3+ 26. Kg1 Nxc3 27.
Qxc3 Bxe3+ 28. Kh1 Bg4 29. Qe1 Bf5 30. Qg3 Be4+ 0-1

[Event "BL 1920 SG Turm Kiel - SV Mülheim Nord"]
[Site "?"]
[Date "2020.02.23"]
[Round "8.7"]
[White "Hausrath, Daniel"]
[Black "Parvanyan, Ashot"]
[Result "1/2-1/2"]
[WhiteElo "2477"]
[BlackElo "2451"]
[PlyCount "69"]
[EventDate "2020.??.??"]

1. Nf3 Nf6 2. c4 g6 3. b4 Bg7 4. Bb2 O-O 5. e3 Nc6 6. b5 Na5 7. Be2 a6 8. a4 c6
9. Na3 d5 10. cxd5 cxd5 11. O-O Bf5 12. Be5 axb5 13. axb5 Ne4 14. Bxg7 Kxg7 15.
Nc2 Qd6 16. Ra3 Kg8 17. d3 Nf6 18. Qd2 b6 19. Qb4 Qxb4 20. Nxb4 Bd7 21. Nd4
Rac8 22. f4 e6 23. Rb1 Ne8 24. Bd1 Nd6 25. Ba4 Nab7 26. Nbc6 Ra8 27. Ne5 Nc5
28. Rba1 Rfc8 29. Ndc6 Bxc6 30. bxc6 b5 31. Bxb5 Rxa3 32. Rxa3 f6 33. Rc3 fxe5
34. Rxc5 Nxb5 35. Rxb5 1/2-1/2

[Event "BL 1920 SG Turm Kiel - SV Mülheim Nord"]
[Site "?"]
[Date "2020.02.23"]
[Round "8.8"]
[White "Pajeken, Jakob Leon"]
[Black "Zelbel, Patrick"]
[Result "1/2-1/2"]
[WhiteElo "2352"]
[BlackElo "2453"]
[PlyCount "63"]
[EventDate "2020.??.??"]

1. d4 Nf6 2. Nf3 g6 3. g3 Bg7 4. Bg2 O-O 5. O-O d6 6. b3 e5 7. dxe5 dxe5 8. Ba3
Qxd1 9. Rxd1 Re8 10. Nc3 e4 11. Nd2 e3 12. fxe3 Na6 13. Rab1 Ng4 14. Nd5 Nxe3
15. Nxe3 Rxe3 16. Nc4 Re8 17. b4 Bf8 18. Bf3 Rb8 19. Na5 Bf5 20. Bxb7 Rxb7 21.
Nxb7 Bxc2 22. Kf2 Rb8 23. b5 Bxa3 24. bxa6 Re8 25. Rbc1 Bxd1 26. Rxd1 Re6 27.
Rd7 Rf6+ 28. Kg2 Rxa6 29. Rxc7 Bf8 30. Rc2 h5 31. Nd8 Ra4 32. Nc6 1/2-1/2

[Event "BL 1920 Hamburger SK - SG Solingen"]
[Site "?"]
[Date "2020.02.23"]
[Round "8.1"]
[White "Harikrishna, Pentala"]
[Black "Kempinski, Robert"]
[Result "1-0"]
[WhiteElo "2713"]
[BlackElo "2578"]
[PlyCount "79"]
[EventDate "2020.??.??"]

1. e4 c5 2. Nf3 e6 3. g3 d6 4. Bg2 Nf6 5. Nc3 Nc6 6. O-O Be7 7. d4 cxd4 8. Nxd4
O-O 9. Be3 Bd7 10. h3 a6 11. a4 Qc7 12. Nde2 Rad8 13. g4 Bc8 14. g5 Nd7 15. f4
Nb6 16. b3 d5 17. a5 Nc4 18. bxc4 d4 19. Bf2 dxc3 20. Bb6 Bc5+ 21. Bxc5 Rxd1
22. Rfxd1 Nxa5 23. Bd6 Qxc4 24. Nd4 Nc6 25. Bf1 Qxd4+ 26. Rxd4 Nxd4 27. Bxf8
Kxf8 28. Ra3 Bd7 29. Rxc3 Bc6 30. Kf2 e5 31. fxe5 Ne6 32. Ke3 Nxg5 33. h4 Ne6
34. Bxa6 Bxe4 35. Bb5 f5 36. exf6 Bf5 37. Bd3 g6 38. Bxf5 gxf5 39. Rb3 f4+ 40.
Ke4 1-0

[Event "BL 1920 Hamburger SK - SG Solingen"]
[Site "?"]
[Date "2020.02.23"]
[Round "8.2"]
[White "Engel, Luis"]
[Black "Ragger, Markus"]
[Result "0-1"]
[WhiteElo "2545"]
[BlackElo "2670"]
[PlyCount "128"]
[EventDate "2020.??.??"]

1. e4 e5 2. Nc3 Nf6 3. g3 d5 4. exd5 Nxd5 5. Bg2 Nxc3 6. bxc3 Bc5 7. Nf3 Nc6 8.
O-O O-O 9. d3 Bg4 10. h3 Bh5 11. Qe1 Re8 12. Nd2 Rb8 13. Rb1 Qd7 14. Qe4 Na5
15. Nb3 Nxb3 16. axb3 a5 17. Ra1 b6 18. b4 axb4 19. cxb4 Bd4 20. Ra7 b5 21. Rb7
Bg6 22. Qc6 Qxc6 23. Bxc6 Rxb7 24. Bxb7 Rb8 25. Bc6 Rb6 26. Bd5 Rd6 27. Bg2 Ra6
28. Be3 Bxe3 29. fxe3 Ra2 30. Bc6 Rxc2 31. Bxb5 Kf8 32. d4 exd4 33. exd4 Ke7
34. d5 Kd6 35. Bc6 Rb2 36. Rf4 f6 37. Rc4 Bd3 38. Rd4 Bf5 39. h4 Ke5 40. Rc4
Bd3 41. Rg4 g6 42. b5 f5 43. Ra4 Bxb5 44. Ra8 Bxc6 45. dxc6 Rc2 46. Re8+ Kf6
47. Rf8+ Kg7 48. Rd8 Rxc6 49. Rd7+ Kh6 50. Kg2 Rc3 51. Rf7 c5 52. Kh2 c4 53.
Rc7 Rc1 54. Kg2 c3 55. Kh2 c2 56. Kg2 g5 57. Rc6+ Kh5 58. Rc5 gxh4 59. Rxf5+
Kg6 60. Rc5 hxg3 61. Rc3 Kf6 62. Rc4 h5 63. Rf4+ Ke6 64. Rc4 h4 0-1

[Event "BL 1920 Hamburger SK - SG Solingen"]
[Site "?"]
[Date "2020.02.23"]
[Round "8.3"]
[White "Tari, Aryan"]
[Black "Ernst, Sipke"]
[Result "1-0"]
[WhiteElo "2629"]
[BlackElo "2544"]
[PlyCount "91"]
[EventDate "2020.??.??"]

1. e4 e5 2. Nf3 Nc6 3. Bb5 a6 4. Ba4 Nf6 5. d3 d6 6. c3 g6 7. O-O Bg7 8. h3 O-O
9. Re1 Re8 10. Be3 d5 11. Nbd2 h6 12. Bxc6 bxc6 13. Qa4 a5 14. Nb3 Ba6 15. Nc5
Qb8 16. Rad1 Qb5 17. Qc2 Bc8 18. a4 Qb8 19. b4 Nd7 20. Rb1 Nxc5 21. Bxc5 dxe4
22. bxa5 Qxb1 23. Qxb1 exf3 24. gxf3 Rxa5 25. Qb4 Ra8 26. f4 Bf5 27. fxe5 Bxd3
28. Qb7 Rxa4 29. Qxc6 Raa8 30. e6 fxe6 31. Rxe6 Rxe6 32. Qxe6+ Kh7 33. Qf7 c6
34. Qb7 Rg8 35. Qxc6 Bf5 36. Qb7 Bxh3 37. Bd4 Be6 38. Qe7 Bc4 39. Qc7 Be6 40.
c4 Bxc4 41. Bxg7 Rxg7 42. Qxc4 Rg8 43. Qf7+ Rg7 44. Qf6 Ra7 45. f4 Rb7 46. Kh2
1-0

[Event "BL 1920 Hamburger SK - SG Solingen"]
[Site "?"]
[Date "2020.02.23"]
[Round "8.4"]
[White "Ftacnik, Lubomir"]
[Black "Van Foreest, Jorden"]
[Result "0-1"]
[WhiteElo "2516"]
[BlackElo "2667"]
[PlyCount "62"]
[EventDate "2020.??.??"]

1. Nf3 Nf6 2. c4 g6 3. Nc3 Bg7 4. d4 d6 5. g3 O-O 6. Bg2 Nc6 7. O-O e5 8. e3
Bf5 9. b3 a5 10. a3 Re8 11. Bb2 exd4 12. Nxd4 Nxd4 13. exd4 Rb8 14. Qd2 h5 15.
Rfe1 h4 16. Rxe8+ Qxe8 17. Re1 Qd7 18. f3 Bh3 19. g4 Bxg2 20. Kxg2 a4 21. bxa4
Qc6 22. Qd3 d5 23. c5 Nd7 24. Nb5 b6 25. cxb6 Nxb6 26. Rc1 Nc4 27. Bc3 Qb6 28.
Bb4 Qf6 29. Nxc7 Qf4 30. Rxc4 dxc4 31. Qxc4 h3+ 0-1

[Event "BL 1920 Hamburger SK - SG Solingen"]
[Site "?"]
[Date "2020.02.23"]
[Round "8.5"]
[White "Andersen, Mads"]
[Black "Heinemann, Thies"]
[Result "1-0"]
[WhiteElo "2584"]
[BlackElo "2498"]
[PlyCount "81"]
[EventDate "2020.??.??"]

1. e4 c5 2. Nf3 d6 3. d4 cxd4 4. Nxd4 Nf6 5. Nc3 a6 6. g3 e5 7. Nb3 Be7 8. Bg2
O-O 9. O-O Nbd7 10. a4 b6 11. Nd2 Bb7 12. Nc4 Nc5 13. Qe2 b5 14. axb5 axb5 15.
Rxa8 Bxa8 16. Nxb5 Ncxe4 17. Rd1 Qb8 18. Ne3 g6 19. c4 Qb6 20. Qd3 Rb8 21. Nc3
Nxc3 22. Qxc3 e4 23. Qd4 h5 24. Qxb6 Rxb6 25. Bh3 Bf8 26. Bd2 d5 27. cxd5 Bxd5
28. Bc3 Bb3 29. Rd8 Kg7 30. g4 Be7 31. Re8 Bb4 32. Bd4 Kh6 33. Rh8+ Kg7 34.
Bxb6 hxg4 35. Bd4 Kxh8 36. Bxf6+ Kg8 37. Bxg4 Kf8 38. Be2 Be7 39. Bxe7+ Kxe7
40. Bc4 Ba4 41. Nd5+ 1-0

[Event "BL 1920 Hamburger SK - SG Solingen"]
[Site "?"]
[Date "2020.02.23"]
[Round "8.6"]
[White "Rogozenco, Dorian"]
[Black "Van Wely, Loek"]
[Result "1/2-1/2"]
[WhiteElo "2475"]
[BlackElo "2609"]
[PlyCount "94"]
[EventDate "2020.??.??"]

1. d4 Nf6 2. c4 b6 3. Nc3 Bb7 4. Bg5 e6 5. e3 Be7 6. Nf3 h6 7. Bh4 O-O 8. Be2
c5 9. O-O d6 10. h3 Ne4 11. Bxe7 Qxe7 12. Nxe4 Bxe4 13. Nd2 Bb7 14. dxc5 bxc5
15. Bf3 Nc6 16. Nb1 f5 17. Nc3 Rad8 18. Qd2 g5 19. Rad1 Ne5 20. Bxb7 Qxb7 21.
b3 g4 22. hxg4 fxg4 23. e4 Qg7 24. Ne2 h5 25. Kh1 h4 26. Nf4 Qf6 27. Nd3 Nc6
28. f4 Nd4 29. b4 Qh6 30. bxc5 dxc5 31. Nxc5 g3 32. f5 Qxd2 33. Rxd2 exf5 34.
exf5 Nxf5 35. Nd7 h3 36. gxh3 Rxd7 37. Rxd7 g2+ 38. Kxg2 Ne3+ 39. Kg3 Nxf1+ 40.
Kh4 a5 41. Rd5 a4 42. Ra5 Rf4+ 43. Kg5 Rxc4 44. Kg6 Rc6+ 45. Kg5 Rc4 46. Kg6
Rc6+ 47. Kg5 Rc4 1/2-1/2